书目信息 |
| 题名: |
主体功能区区划研究
|
|
| 作者: | 潘玉君 著 | |
| 分册: | ||
| 出版信息: | 北京 科学出版社 2018 |
|
| 页数: | 281页 | |
| 开本: | 25cm | |
| 丛书名: | ||
| 单 册: | ||
| 中图分类: | TU982.274 | |
| 科图分类: | ||
| 主题词: | 区域规划--qu yu gui hua--研究--云南 | |
| 电子资源: | ||
| ISBN: | 978-7-03-058754-1 | |
| 000 | 01247nam0 2200265 450 | |
| 001 | 012001001217 | |
| 005 | 20140107162131.0 | |
| 010 | @a978-7-03-058754-1@b精装@dCNY135.00 | |
| 099 | @aCAL 012019006969 | |
| 100 | @a20190108d2018 em y0chiy50 ea | |
| 101 | 0 | @achi |
| 102 | @aCN@b110000 | |
| 105 | @aabk a 000yy | |
| 106 | @ar | |
| 200 | 1 | @a主体功能区区划研究@Azhu ti gong neng qu qu hua yan jiu@e基于人地关系地域系统的云南省实证研究@f潘玉君等著 |
| 210 | @a北京@c科学出版社@d2018 | |
| 215 | @a281页@c图, 地图@d25cm | |
| 320 | @a有书目 (第208-225页) | |
| 330 | @a本书研究包括若干重要领域, 之一是主体功能区区划。主体功能区区划是主体功能区规划和主体功能区示范等重要领域的基础。遵循人地关系地域系统理论、地理研究综合范式理论、综合自然地理区划理论和区域发展理论以及从定性到定量综合集成法等方法论, 以地理环境 (自然地理环境、人文地理环境、经济地理环境和综合地理环境) 复杂多样的、作为一带一路重要节点的云南省为例, 开展研究。 | |
| 517 | 1 | @a基于人地关系地域系统的云南省实证研究@Aji yu ren di guan xi di yu xi tong de yun nan sheng shi zheng yan jiu |
| 606 | 0 | @a区域规划@Aqu yu gui hua@x研究@y云南 |
| 690 | @aTU982.274@v5 | |
| 701 | 0 | @a潘玉君@Apan yu jun@4著 |
| 801 | 0 | @aCN@b北京卓展@c20191020 |
| 905 | @b1201623-5@dTU982.274@e1512@f3 | |
| 主体功能区区划研究:基于人地关系地域系统的云南省实证研究/潘玉君等著.-北京:科学出版社,2018 |
| 281页:图, 地图;25cm |
| ISBN 978-7-03-058754-1(精装):CNY135.00 |
| 本书研究包括若干重要领域, 之一是主体功能区区划。主体功能区区划是主体功能区规划和主体功能区示范等重要领域的基础。遵循人地关系地域系统理论、地理研究综合范式理论、综合自然地理区划理论和区域发展理论以及从定性到定量综合集成法等方法论, 以地理环境 (自然地理环境、人文地理环境、经济地理环境和综合地理环境) 复杂多样的、作为一带一路重要节点的云南省为例, 开展研究。 |
| ● |
| 相关链接 |
|
|
|
|
正题名:主体功能区区划研究
索取号:TU982.274/1512
 
预约/预借
| 序号 | 登录号 | 条形码 | 馆藏地/架位号 | 状态 | 备注 |
| 1 | 1201623 | 212016236 | 第二样本阅览室/ [索取号:TU982.274/1512] | 在馆 | |
| 2 | 1201624 | 212016245 | 第三借阅区/ [索取号:TU982.274/1512] | 在馆 | |
| 3 | 1201625 | 212016254 | 第三借阅区/ [索取号:TU982.274/1512] | 在馆 |